La Diócesis de Calahorra en el siglo XV : (Record n. 13528)

Dettagli MARC
000 -LEADER
fixed length control field 01001nam a2200253 i 4500
003 - CONTROL NUMBER IDENTIFIER
control field IT-RoINE
005 - DATE AND TIME OF LATEST TRANSACTION
control field 20170130091743.0
008 - FIXED-LENGTH DATA ELEMENTS--GENERAL INFORMATION
fixed length control field 900725s1913 sp r ||0||dspa|d
040 ## - CATALOGING SOURCE
Original cataloging agency SpMaBN
Transcribing agency A2 IT-RoINE
Modifying agency SpMaBN
-- IT-RoINE
100 1# - MAIN ENTRY--PERSONAL NAME
Personal name Groizard y Coronado, Carlos,
Dates associated with a name 1858-1934
9 (RLIN) 27417
245 13 - TITLE STATEMENT
Title La Diócesis de Calahorra en el siglo XV :
Remainder of title Don Juan de Quemada, Obispo Auxiliar (1478-1492) /
Statement of responsibility, etc por Carlos Groizard y Coronado.
260 ## - PUBLICATION, DISTRIBUTION, ETC. (IMPRINT)
Place of publication, distribution, etc Madrid :
Name of publisher, distributor, etc [s.n.],
Date of publication, distribution, etc 1913.
300 ## - PHYSICAL DESCRIPTION
Extent 63 p. ;
Dimensions 23 cm.
336 ## - CONTENT TYPE
Source rdacontent
Content type term text
337 ## - MEDIA TYPE
Source rdamedia
Media type term unmediated
338 ## - CARRIER TYPE
Source rdacarrier
Carrier type term volume
500 ## - GENERAL NOTE
General note Tít. tomado de la cub.
500 ## - GENERAL NOTE
General note Precede al tít.: Ensayo de investigación histórica.
504 ## - BIBLIOGRAPHY, ETC. NOTE
Bibliography, etc Incluye referencias bibliográficas.
600 14 - SUBJECT ADDED ENTRY--PERSONAL NAME
Personal name Quemada, Juan de,
Dates associated with a name 1478-1492
9 (RLIN) 27418
610 14 - SUBJECT ADDED ENTRY--CORPORATE NAME
9 (RLIN) 27419
Corporate name or jurisdiction name as entry element Calahorra (España : Diócesis)
General subdivision Historia
Chronological subdivision Siglo 15o.
650 #4 - SUBJECT ADDED ENTRY--TOPICAL TERM
9 (RLIN) 27420
Topical term or geographic name as entry element Obispos
Geographic subdivision España
-- Calahorra (Diócesis)
Form subdivision Historia
General subdivision Siglo 15o.
942 ## - ADDED ENTRY ELEMENTS (KOHA)
Item type Monografías
Dati di copia
Withdrawn status Lost status Damaged status Not for loan Home library Current library Date acquired Total Checkouts Full call number Barcode Date last seen Price effective from Koha item type Public note
        Iglesia Nacional Española en Roma Iglesia Nacional Española en Roma 04/11/2016   HIS.ECL.ESP 538 29985 04/11/2016 04/11/2016 Monografías Dedica autógr. del autor